000 00708nam a2200181Ia 4500
008 090630s9999 xx 000 0 und d
082 _b22054
100 _aसाळगांबकर जयंत.
245 _aदुर्वाक्षरांची जुडी.
_cसाळगांबकर जयंत.
260 _bसुमंगल - मुंबई.
_c2000
300 _a208
600 _aसाळगांबकर जयंत.
630 _aदुर्वाक्षरांची जुडी.
655 _aधार्मिक.
700 _aसाळगांबकर जयंत.
730 _aदुर्वाक्षरांची जुडी.
942 _cBOOK
999 _c273910
_d273910